[Event "Moscow Aeroflot op"]
[Site "Moscow"]
[Date "2002.02.09"]
[Round "8"]
[White "Sulskis, Sarunas"]
[Black "Tunik, Gennady"]
[Result "1/2-1/2"]
[WhiteElo "2579"]
[BlackElo "2469"]
[Annotator "Ribli,Z"]
[PlyCount "88"]
[EventDate "2002.02.04"]
[EventType "swiss"]
[EventRounds "9"]
[EventCountry "RUS"]
[SourceTitle "CBM 088"]
[Source "ChessBase"]
[SourceDate "2002.03.21"]
[SourceVersion "1"]
[SourceVersionDate "2002.03.21"]
[SourceQuality "1"]

1. e4 c5 2. Nf3 e6 3. d4 cxd4 4. Nxd4 Nc6 5. Nb5 d6 6. c4 Nf6 7. N1c3 a6 8. Na3
Be7 9. Be2 b6 {In dieser Variante - wie überhaupt beim "Igel" - entwickelt man
den weißfeldrigen Läufer praktisch immer nach b7.} 10. O-O Bb7 11. Be3 Nb8 {
Nach diesem Zug muss Weiß 12.f3 spielen. Schwarz beabsichtigt mit dem Textzug,
die Springerstellung zu verbessern und den Springer nach d7 zu platzieren. Die
Alternative 11...Ne5 gäbe Weiß die Möglichkeit, anstelle von 12.f3 12.f4 zu
spielen und mit 13.Bf3 fortzusetzen.} 12. f3 {Das ist der übliche Spielplan
von Weiß - anschließend baut er sich mit Qd2, Rfd1, Rac1, Kh1 eine sichere
Stellung auf.} Nbd7 13. Qd2 (13. Rc1 O-O 14. Qd2 Qc7 15. Rfd1 Rac8 16. Bf1 Rfe8
17. Nab1 Qb8 18. b3 Bf8 19. Bf2 Bc6 20. Rc2 Ne5 21. h3 Qb7 22. Rdc1 Ng6 {
1/2-1/2 Varga,Z-Medvegy,Z/Budapest HUN 2002/(41)}) 13... Qc7 (13... O-O 14.
Rfd1 Qc7 15. Rac1 Rad8 16. Bf1 Qb8 17. Nc2 Rfe8 18. Kh1 d5 19. cxd5 exd5 20.
exd5 Bd6 21. g3 b5 22. a3 Qa8 23. Bg2 Ne5 24. Rb1 {1/2-1/2 Morovic Fernandez,
I-Leitao,R/Sao Paulo 2002/CBM 88(24)}) 14. Rac1 Rc8 15. Rfd1 Qb8 16. Kh1 O-O
17. Bf1 Rfe8 {Beide Spieler verbessern ihre Stellung mit kleinen
prophylaktischen Zügen.} 18. Nab1 {Der Springer soll in der Folge über d2
zurück ins Spiel kommen. Die Alternative 18Nc2 kommt aber auch in Betracht.} (
18. Nc2 Kh8 19. Bg1 Rg8 20. Ne1 g5 21. b4 g4 22. Qd4 gxf3 23. Nxf3 Rg7 24. Re1
Rcg8 {0-1 Brikov,I-Kuporosov,V/Tula 2001/EXT 2002 (49)}) 18... Bc6 {Schwarz
möchte den Befreiungszug 19...b5 ausführen. In der Regel kann Schwarz mit
seiner Stellung zufrieden sein, wenn es ihm gelingt die Züge b6-b5 und d6-d5
durchzusetzen.} (18... Bd8 19. Bf4 Ne5 20. Qxd6 (20. Na3 Bc7 21. Bg3 Nh5 22.
Bf2 Nf6 23. Bh4 Nfd7 24. Bg3 Nf6 25. Nc2 Kh8 26. Nd4 Ng6 {1/2-1/2 Kosashvili,
Y-Sommerbauer,N/Elista 1998/CBM 66 ext (71)}) 20... Qxd6 21. Rxd6 Nxc4 22. Bxc4
Rxc4 23. Rd3 Rc8 24. Rcd1 b5 {1/2-1/2 Ginsburg,G-Brodsky,M/Simferopol 1990/CBM
21 (31)}) 19. Bf4 (19. a4 Nc5 {[%cal Rc5b3,Rb3c1,Rb3d2]} 20. Qc2 a5 $11 {
[%csl Gc5]}) 19... Ne5 {Das ist ein bekanntes Motiv in der Igelstellung -
Schwarz verteidigt indirekt den Pd6. Nun wäre 20.Bxe5 weniger gut, denn nach
20...dxe5 bekäme Schwarz das Läuferpaar und starke Kontrolle auf den schwarzen
Feldern.} 20. a4 {Jetzt, da der schwarze Springer schon auf e5 steht, kann
Weiß den Zug a4 ausführen.} Bb7 $11 {Weiß hat den für den Igel typischen
Raumvorteil, Schwarz besitzt dafür eine ebenso typisch solide Stellung.} 21. b3
Nfd7 (21... Red8 $11) 22. Qa2 {[%csl Ga2][%cal Ga2c4] Weiß unterstützt den Pc4
- anschließend kann er b4 spielen.} Bd8 {[%cal Gd8c7] Das ist ebenfalls ein
bekanntes Motiv - Schwarz bereitet 23...Bc7 vor. Die Alternative für den
Läufer ist das Feld f8.} 23. Bg3 Nf6 {[%cal Gf6h5,Gh5g3] Schwarz kann in
einigen Varianten den Bg3 angreifen.} 24. b4 Bc7 25. Na3 {Schwarz setzt auf
taktisches Gegenspiel am Königsflügel - sein Plan ist Nh5, im Falle von Bf2
kann er nach d5 dann den Ph2 angreifen.} Ng6 26. a5 $13 {[%mdl 64]} (26. Qd2
$11) 26... bxa5 (26... Nh5 27. Bf2 (27. axb6 Nxg3+ 28. hxg3 Bxb6 $15) 27...
bxa5 28. b5 {Durch Zugumstellung gelangen wir zurück zur Originalpartie.}) 27.
b5 $44 (27. bxa5 Nh5 28. Bf2 Bxa5 $17) 27... Nh5 (27... Red8 28. Rb1 axb5 29.
Naxb5 $44 {[%csl Gb5]}) (27... Nd7 28. Qd2 $44) 28. Bf2 d5 $6 {Jetzt ist es
Schwarz, der einen Bauern opfert. Damit öffnet er die Diagonale des Bc7.} 29.
cxd5 Bxh2 30. d6 $6 {Weiß hat Angst vor 30...Ng3+, daher gibt er den Bauern
zurück.} (30. bxa6 $5 Ba8 $16 (30... Ng3+ 31. Bxg3 Qxg3 32. axb7 Qh4 33. g3
Bxg3+ 34. Kg1 Bf4 35. Qf2 $18)) (30. dxe6 $5) 30... Bxd6 $132 31. bxa6 Ba8 32.
a7 {[%csl Ga7] Der Pa7 ist sehr stark, aber der Ba8 ist hier eine gute
Blockadefigur. Schwarz hat Gegenspiel am Königsflügel.} (32. Nc4 Bb4 $13) 32...
Qb4 {[%mdl 2048]} 33. Nc2 {Auf diese Weise kann Weiß den Nc3 gegen den Bd6
abtauschen.} (33. Nab5 Ng3+ 34. Kg1 (34. Bxg3 Bxg3 $17) 34... Bf4 35. Rb1 Qe7
$15 {[%cal Re7h4,Rh4h1]}) 33... Qxc3 34. Rxd6 $13 Qe5 35. Rcd1 {Weiß besitzt
die Vorherrschaft über die d-Linie, und sein Pa7 stellt immer eine
Gefahrenquelle für Schwarz dar. Dafür hat Schwarz am Königsflügel Gegenchancen.
} Ng3+ (35... Bd5 $5 36. R6xd5 exd5 37. Rxd5 (37. Qxd5 $2 Qxd5 38. Rxd5 Rxc2
$19) 37... Ng3+ 38. Kg1 (38. Kh2 $2 Nxf1+ 39. Kg1 Qh2+ 40. Kxf1 Nf4 $19) 38...
Qf4 39. Rxa5 Ra8 (39... Nxf1 40. a8=Q Qh2+ 41. Kxf1 Nf4 42. Ne1 $18) 40. Ne3
$13 (40. Bc4 Ne5 $36)) 36. Bxg3 (36. Kg1 Nxf1 37. Kxf1 Bd5 $19) 36... Qxg3 37.
Ne3 Rc5 {[%cal Gc5h5,Gh5h1] Schwarz verteidigt den Pc5, zugleich kann der Turm
nun nach h5 schwenken.} (37... Bxe4 38. Qxa5 $13) 38. Kg1 Qg5 $1 {[%cal Gg5g1,
Gg6f4,Gg6h4,Rg5e3] Jetzt hängt der Ne3, und 39.Rd8 ist vereitelt.} (38... Rh5
$2 39. Rd8 Rf8 40. Qb3 $1 {[%cal Gb3b8] Unglaublich, nach diesem Zug sehe ich
keine ausreichende Verteidigung für Schwarz.} Rh1+ (40... Qh2+ 41. Kf2 Qh4+ 42.
g3 Qh2+ 43. Bg2) 41. Kxh1 Qh4+ 42. Kg1 Rxd8 43. Rxd8+ Qxd8 44. Qb8 Qf8 45. Ba6
$18) 39. Qd2 h6 (39... a4 $5) 40. Rd8 Rc8 (40... Rf8 $6 41. Nc4 $36) 41. Rxe8+
Rxe8 42. Nc4 Nf4 (42... Qc5+ 43. Qf2 Qg5 $11 {[%cal Gg6f4]}) 43. Qxa5 Qg3 44.
Qe1 {Die Stellung ist materiell ausgeglichen. Angesichts des gefährlichen Pa7
muss Schwarz hier mit Remis durch Dauerschach Vorlieb nehmen.} Nh3+ $11 (44...
Nh3+ 45. Kh1 Nf2+ 46. Kg1 Nh3+ $11) 1/2-1/2

[Event "RUS-Cup01 Chigorin Memorial"]
[Site "St Petersburg"]
[Date "1997.11.08"]
[Round "8"]
[White "Zavoronkov, Vladimir"]
[Black "Shulman, Yuri"]
[Result "0-1"]
[WhiteElo "2400"]
[BlackElo "2510"]
[Annotator "Ribli,Z"]
[PlyCount "104"]
[EventDate "1997.11.01"]
[EventType "swiss"]
[EventRounds "9"]
[EventCountry "RUS"]
[SourceTitle "CBM 062"]
[Source "ChessBase"]
[SourceDate "1998.01.31"]
[SourceVersion "1"]
[SourceVersionDate "1998.01.31"]
[SourceQuality "1"]

1. e4 c5 2. Nf3 e6 3. d4 cxd4 4. Nxd4 Nc6 5. Nb5 d6 6. c4 {Weiß wählt die
Igel-Variante. Die andere Möglichkeit ist 6.Bf4 e5 7.Be3, was zu ähnlichen
Stelllungen wie die Sveschnikow-Variante führt. Ribli.} Nf6 7. N1c3 a6 8. Na3
b6 9. Be3 Nb8 $2 {Es ist verständlich, daß Schwarz nach einer traditionellen
Igelstellung mit Nb8-d7 stebt, denn der Springer steht nicht besonders gut auf
c6. Dies ist aber der richtige Moment.} 10. Be2 $2 {Wenn die Partienotation
korrekt ist, dann kann Weiß hier schon mit 10.e4-e5 in Vorteil kommen.} (10. e5
$5 $16 dxe5 11. Qxd8+ Kxd8 12. Bxb6+) 10... Bb7 $2 (10... Nbd7) 11. f3 (11. e5
$1 Ng8 12. Bf3 Bxf3 13. Qxf3 Ra7 14. exd6 Bxd6 15. O-O-O $16 {Das war in der
Partie Wach,M - Bacrot,E,Balatonbereny,1996, mit schnellem weißem Gewinn.})
11... Nbd7 12. O-O Be7 {Jetzt haben wir eine typische Igelstellung. Weiß hat
Raumvorteil, aber die schwarze Stellung ist sicher und wenn er gut ...b6-b5
oder ...d6-d5 durchsetzten kann, erreicht er mindestens Ausgleich.} 13. Qd4 $6
{Nach meiner Meinung steht die Dame schlecht auf d4 und die mögliche Idee
dieses Zuges (Na4) ist nicht gefährlich für Schwarz.} (13. Nc2 O-O 14. Qd2 (14.
Bf2 Rc8 15. Ne3 Kh8 16. g4 h6 17. Rc1 g5 18. Ng2 Rg8 19. Bg3 Ne5 20. b3 Ng6 21.
Qd2 Qc7 22. Na4 Ne5 23. Bf2 Nfd7 24. Bd4 Kh7 25. Qe3 {Fernandez Aguado,
J-Cramling,P/Alicante op 1989/TD 89\06/1-0 (53)}) 14... Qc7 15. Rfd1 Rac8 16.
Bf2 Rfe8 17. Bf1 Qb8 18. Ne3 Nh5 19. a4 Bd8 20. Ng4 Be7 21. a5 Nc5 22. Qc2 {
1-0 Akopian,V-Ninov,K/WchJ U18 1987/EXT 87ch (29)}) (13. Qe1 O-O 14. Qf2 Qc7
15. Rac1 Rac8 16. Kh1 Rfe8 17. Rfd1 Qb8 18. Bd4 Ba8 19. Nab1 Bf8 20. Nd2 h6 21.
Rb1 Qc7 22. Rdc1 Bb7 23. Qg1 {1/2-1/2 Renet,O-Illescas Cordoba,M/FRA-chT 1991/
TD 91\02}) (13. Qd2 O-O 14. Rfd1 Re8 (14... Rc8 15. Rac1 Qc7 16. Kh1 Qb8 17.
Bf1 Kh8 18. Qf2 Bd8 (18... Ba8 19. Nc2 Ne5 20. Na4 Nfd7 21. Na3 f5 22. exf5
Rxf5 23. Be2 Rcf8 24. Qe1 Nxf3 25. Bxf3 Rxf3 {0-1 Pachmann,A-Beil,Z/CZE-chT
9697 1997 (33)}) 19. Nab1 Bc7 20. g3 Rfe8 21. Nd2 Ne5 22. Na4 d5 23. exd5 exd5
24. Bxb6 dxc4 25. Bxc7 Rxc7 26. Kg1 Bc6 {0-1 Jonker,M-Rublevsky,S/Duisburg WCJ
1992 (42)}) 15. Bf1 Rc8 16. Kh1 Bf8 17. Rac1 Qc7 18. Qf2 Ba8 19. Nc2 Qb8 20.
Nd4 Ne5 21. b3 Rc7 22. Qg3 Rec8 23. a4 {Fogarasi,T-Engqvist,T/Autoteam 1991/
EXP 26/1-0 (59)}) 13... O-O 14. Rfd1 Re8 {Das ist die richtige Turmplazierung.
Der andere Turm strebt nach c8.} 15. Kh1 {[#]} d5 $1 $15 {Weiß hat jetzt große
Schwierigkeiten mit seiner Dame und es ergeben sich taktische Möglichkeiten in
der e-Linie.} 16. exd5 (16. cxd5 exd5 17. e5 (17. exd5 $2 Bc5 $19 {[%cal Rc5e3]
}) 17... Bc5 18. Qd2 Bxe3 (18... Nxe5) (18... Bxe3 19. Qxe3 Nxe5 $17)) 16...
exd5 17. Bg5 (17. Qd2 dxc4 (17... Bxa3 18. bxa3 Qe7 $15) 18. Nxc4 b5 19. Nd6 (
19. Na3 b4 $19) 19... Bxd6 20. Qxd6 Rxe3 $19) 17... h6 18. Bh4 (18. Bxf6 Bxf6
$17 {[%csl Ra3,Rd4,Gf6] Schwarz hat großen Positionsvorteil. Seine beiden
Läufer stehen gut in den langen Diagonalen.}) 18... g5 {Ein extravaganter aber
guter Zug, durch den Schwarz seine Figuren mit Tempo zentralisiert.} 19. Bg3 (
19. Bf2 $2 Bc5 $19) 19... Bc5 20. Qd2 (20. Qd3 Re3 21. Qd2 d4 {[%csl Ra3,Gb7,
Gd4,Ge3][%cal Gb7h1]}) 20... Be3 21. Qd3 (21. Qc2 d4) 21... d4 {Der schwarze
e3-Läufer beherrscht das Brett und die weißen Figuren verfügen über keine
Perspektiven.} 22. Nd5 $5 {Die einzige Gegenchance! Weiß gibt einen Bauern für
etwas freieres Spiel.} Nxd5 23. cxd5 Nc5 $17 (23... Bxd5 $17) 24. Qf5 Bxd5 {
[%csl Gd4,Gd5,Ge3] Schwarz hat einen Mehrbauern und gut zentralisierte Figuren.
Seine Königsstellung ist ein bißchen schwach, aber das ist hier ohne Bedeutung.
} (24... Qxd5 25. Qxd5 Bxd5 $17) 25. Bc4 (25. Nc4 Be6 $17) 25... Be6 26. Bxe6
Nxe6 27. Be5 (27. Nc4) (27. Nc2) 27... Ng7 28. Bxg7 (28. Qe4 f6 $19) 28... Kxg7
29. Nc2 (29. Nc4 $5 {In jedem Fall hat Schwarz die bessere Stellung mit
Mehrbauern, aber dieser Springerzug scheint mir aktiver als die
Partiefortsetzung.}) 29... Qd6 30. Nxe3 Rxe3 {[%csl Ge3] Es scheint mir, daß
der Punkt e3 ewig im Besitz des Nachziehenden ist.} 31. h4 Re5 32. Qg4 Rd8 {
Der starke schwarze Freibauer auf d4 bindet die weißen Kräfte.} 33. Rd3 {
Früher oder später muß Weiß den d-Bauern blockieren, aber der Turm macht sich
natürlich eigentlich als Blockadefigur nicht so gut.} Qe6 34. Qg3 {Es ist
besser für Weiß, die Damen auf dem Brett halten, denn das gibt mehr praktische
Gegenchancen - z.B. Dauerschach -.} (34. Qxe6 Rxe6 35. Rad1 Red6 $17) 34... Re3
35. Rad1 (35. Rxe3 dxe3 $17 {[%csl Ge3] Natürlich ist der Bauer noch
gefährlicher auf e3 als auf d4.}) 35... Rxd3 36. Rxd3 Qf5 37. Rd1 Rd7 {Schwarz
muß nicht eilen. Er verteidigt sich gegen das Eindringen der Dame auf c7.} 38.
Qf2 Qf6 39. hxg5 hxg5 40. Qe2 b5 41. Kg1 {Leider kann Weiß nur abwarten, wie
der Gegner seine Stellung verbessert.} Qf4 42. Rd3 Rc7 {Die schwarze Drohung
ist 43...Rc1 44.Rd1 Qe3 oder 44.Kf2 Qh4 mit Gewinn.} 43. Rd1 Rc6 {[%cal Gc6h6]}
44. Kf2 g4 $1 {Schwarz hat nicht nur Materialvorteil,sondern auch gefährlichen
direkten Angriff.} 45. g3 Qf5 {[%csl Rf2][%cal Gf5c2]} (45... gxf3 $5 46. gxf4
(46. Qxf3 Rc2+ $19) 46... fxe2 47. Kxe2 (47. Rxd4 Rc2 $19) 47... Rc2+ 48. Rd2
Rxd2+ 49. Kxd2 Kf6 50. Kd3 Kf5 51. Kxd4 Kxf4 $19) 46. f4 Rc2 47. Rd2 d3 $19 {
Der starke schwarze Freibauer entscheidet den Kampf. Weiß ist komplett
gefesselt.} 48. Qe3 Qd5 {[%csl Gd5]} 49. Rxc2 (49. a3 Qf3+ 50. Qxf3 Rxd2+ 51.
Ke3 gxf3 52. Kxd2 f2 $19) 49... dxc2 {[%csl Gc2]} 50. Qc3+ f6 51. Qc7+ (51.
Qxc2 Qf3+ $19) 51... Kh6 52. Qxc2 Qf3+ {Und Weiß gab auf, nachdem er den
g3-Bauer mit Schach und danach den f4-Bauern verliert. Ribli.} 0-1

[Event "HUN-ch+"]
[Site "Budapest"]
[Date "1997.10.21"]
[Round "1"]
[White "Leko, Peter"]
[Black "Portisch, Lajos"]
[Result "1-0"]
[WhiteElo "2635"]
[BlackElo "2610"]
[Annotator "Ribli,Z"]
[PlyCount "103"]
[EventDate "1997.10.21"]
[EventType "tourn"]
[EventRounds "10"]
[EventCountry "HUN"]
[EventCategory "15"]
[SourceTitle "CBM 062"]
[Source "ChessBase"]
[SourceDate "1998.01.31"]
[SourceVersion "1"]
[SourceVersionDate "1998.01.31"]
[SourceQuality "1"]

1. e4 {Horvath,T} c5 2. Nf3 e6 3. d4 cxd4 4. Nxd4 Nc6 5. Nb5 {Das ist ein
Nachteil der Variante. Wenn Schwarz diese Fortsetzung vermeiden möchte, muß er
2...Nc6 und 3.d4 cxd4 4.Nxd4 Qc7 ziehen. Ribli.} d6 6. Bf4 (6. c4) 6... e5 7.
Be3 Nf6 (7... a6 {Horvath,T} 8. N5c3 Nf6 9. Bg5 Be7 10. Nd2 Be6 11. Nc4 Nd4 12.
Bd3 Rc8 13. Bxf6 Bxf6 $13 {Almasi,Z-P.Cramling/Pamalona/1997}) 8. Bg5 {In der
Sveschnikow-Variante (nach den Zügen 1.e4 c5 2.Nf3 Nc6 3.d4 cxd4 4.Nxd4 Nf6 5.
Nc3 e5 6.Ndb5 d6 7.Bg5) haben wir eine ähnliche Stellung, aber mit dem Tempo
Nb1-c3 mehr für Weiß. Aber das schwarze Tempoplus hat hier auch seine
Nachteile, jetzt kann der Springer von b1 nach d2.} Be6 (8... a6 $5 {Nach
meiner Meinung bietet dieser Zug für Schwarz die besseren Ausgleichchancen.}) (
8... Qa5+ {Horvath,T} 9. Qd2 Nxe4 10. Qxa5 Nxa5 11. Be3 Kd7 12. f3 Nf6 13. Bxa7
d5 {Am.Rodriguez-Hellsten/Jerevan/1996} 14. f4 $1 $14) 9. Bxf6 $5 (9. Nd2 Be7
10. Bxf6 Bxf6 11. Nc4 O-O 12. Qxd6 Qc8 13. Qc7 Bxc4 14. Bxc4 Nd4 15. Bd3 Nxb5
16. Qxc8 Raxc8 17. Bxb5 Rxc2 18. b3 Rd8 $15 {Wahls,M-Ribli,Z/BL9596 1996/1/2-1/
2 (54)}) 9... gxf6 10. Nd2 d5 (10... Rc8 11. Nc4 d5 12. exd5 Bxd5 13. Ne3 Qa5+
14. c3 Be6 15. Nc4 Bxc4 16. Bxc4 Nd4 17. Bxf7+ Kxf7 18. Qh5+ Ke7 19. Nxd4 Rxc3
20. O-O Rd3 21. Rad1 {1-0 Geenen,M-Jadoul,M/OHRA op 1987 (29)}) 11. exd5 Bxd5
12. Bc4 $1 $14 {Eine starke Neuerung des jungen Grossmeisters. Wenn Schwarz
nichts besseres als die Partiefortsetzung hat, bedeutet das, daß die gesamte
Variante vorteilhaft für Weiß ist.} (12. Nc4 Be6 13. Ncd6+ Bxd6 14. Qxd6 Qxd6
15. Nxd6+ Ke7 16. O-O-O Rhd8 17. Nb5 Nb4 18. Nc3 Rxd1+ 19. Kxd1 Bf5 20. a3 Nxc2
21. g4 Rd8+ 22. Kc1 Bg6 23. Bg2 Nd4 {0-1 Rodin,M-Milov,L/Komercni Banka op
1996/EXP 55 (41)} (23... Nd4 {Horvath,T} 24. b4 b6 25. Kb2 h5 26. h3 f5 27. Re1
Ke6 28. f4 f6 29. gxh5 Bxh5 30. Bf1 Rc8 31. Ba6 Rc7 32. Rg1 Bf3 33. Rg8 Bc6 34.
Bc4+ Kd6 35. Rf8 exf4 36. Rxf6+ Ke5 37. Rg6 f3 38. Bf1 Be4 39. Rg8 Rd7 40. a4
Ne2 41. Re8+ Kf4 {0-1 Rodin,M-Milov,L/Komercni Banka op 1996/EXP 55})) 12... a6
(12... Bxg2 13. Rg1 Rg8 (13... Bd5 $4 14. Bxd5 Qxd5 15. Nc7+ $18) (13... Bh3
14. Qh5 $16 (14. Bxf7+ Kxf7 15. Qh5+ {[%cal Rh5f7,Rh5h3]})) (13... a6 {Horvath,
T} 14. Qh5 $18) 14. Ne4 $36) 13. Bxd5 axb5 14. Bb3 {[%csl Gb3,Rb5,Rb7,Rf6,Rf7]
Weiß hat positionellen Vorteil. Die weiße Punkten im schwarzen Lager sind
schwach und er hat auch zwei Doppelbauern. Es ist interessant, daß der
erfahrene GM Portisch eine so schlechte Stellung nach der Eröffnung hat.} (14.
Ne4 $5 {Horvath,T} f5 $2 15. Qh5 $18) 14... Nd4 15. O-O Nxb3 16. axb3 $1 {
Das ist immer vorteilhaft, ins Zentrum zu schlagen, aber hier es gibt ein
taktisches Motiv.} Rxa1 17. Qxa1 Be7 (17... Qxd2 $2 18. Rd1 Qxc2 19. Qa8+ Ke7
20. Qd8+ Ke6 21. Qd7#) 18. Qd1 O-O 19. Ne4 {[%csl Ge4] Weiß hat einen sehr
starken Springer, der nach d5 oder f5 stebt; der schlechte schwarze Läufer
kann dagegen nichts unternehmen. Im Gegensatz zum weißen Doppelbauern sind die
schwarzen Doppelbauern schwach.} Qc8 {Schwarz muß die Damen für etwas
Gegenspiel auf dem Brett halten, denn im Endspiel hat er weniger
Rettungschancen.} (19... Qxd1 20. Rxd1 $16 Rd8 (20... f5 {Horvath,T} 21. Ng3 f4
22. Nf5 Bc5 23. Rd5 b6 24. b4 $1 (24. Rxe5 Rd8 25. h4 Rd1+ 26. Kh2 Rd2 {
ist noch nicht ganz klar} 27. Re8+ Bf8) 24... Bxb4 25. Rxb5 Rd8 26. Kf1 $18)
21. Rxd8+ Bxd8 22. Nd6 $16 {[%csl Gb5,Gb7]}) 20. Qe2 Rd8 21. Ng3 {[%cal Gg3f5]}
b4 $5 {Schwarz legt die weißen Bauern am Damenflügel fest.} 22. f4 {[%csl Rg8]
Weiß verfügt nicht nur über Positionsvorteil, er hat auch Angriffschancen am
Königsflügel.} Bc5+ 23. Kh1 exf4 (23... Re8 24. Ne4 Be7 25. fxe5 fxe5 26. Qb5
$16) 24. Rxf4 Re8 25. Qd1 Qd8 {Jetzt Schwarz möchte jetzt die Damen tauschen,
aber die Position hat sich in den letzten Zügen geändert und jetzt muß Weiß
die Damen auf dem Brett behalten.} 26. Qg4+ $5 (26. Qxd8 $6 Rxd8 {[%cal Gd8d1,
Gc5h1]} 27. Rxf6 Rd2 $11) 26... Kh8 27. Rf1 {Weiß muß zuerst ein paar
prophylaktische Verteidigungszüge machen, aber die schwarzen Bauern und Felder
bleiben langfristig schwach.} (27. h3 Re1+ 28. Rf1 Rxf1+ 29. Nxf1 Qd4 {[%cal
Rd4g1,Rd4b2]} 30. Qxd4 Bxd4 $15) 27... Qd4 28. Qh5 {[%cal Gh5c5,Gh5f7]} (28.
Qxd4 Bxd4 {[%csl Gd4]}) 28... Rf8 29. Rd1 Qe5 30. c3 $1 {Weiß muß dem
Schwarzen das Feld d4 nehmen.} bxc3 31. bxc3 Re8 (31... Qxc3 $2 32. Ne4 {
[%cal Re4c3,Re4c5]} Qxb3 33. Nxc5 $18) (31... Qxh5 32. Nxh5 {[%csl Rf6]} f5 33.
Rd5 $16) 32. Qf3 (32. Qxf7 $2 {Horvath,T} Qe1+ 33. Nf1 Qxd1 34. Qxe8+ Kg7 35.
Qb5 b6 36. b4 Bf2 $10) 32... b6 33. Rf1 {[%csl Rf6]} Re6 (33... Kg7 34. Nh5+
$16) 34. Nf5 {[%csl Gf5] Weiß hat einen starken Springer auf f5 und der
schwarze Doppelbauer ist eine ewige Schwäche. Schwarz hat kein Gegenspiel.} Bf8
35. g3 {Früher oder später muß Weiß seine Grundreihe befreien. 35.h3 ware ein
bißchen schlechter, weil es die schwarzen Felder in der Königsstellung
schwächt.} Qe2 $6 {Nach meiner Meinung erhöht der Damentausch nur die weißen
Gewinnchancen. Anderseits ist es nicht leicht für Schwarz, einen guten Plan zu
finden.} (35... Re8 36. Rd1 $14) 36. Qxe2 Rxe2 37. Nd4 Re3 $8 {[%csl Rf6,Rf7]}
38. Rf3 $16 Re1+ (38... Rxf3 39. Nxf3 Kg7 40. Nh4 $16 {[%csl Yf5] Und der
weiße König gelangt mit Kraft ins Zentrum.}) 39. Kg2 Kg7 40. Re3 $1 Rd1 (40...
Rxe3 41. Nf5+ Kg6 42. Nxe3 f5 43. Nd5 {[%csl Rb6]} Bc5 (43... b5 44. Kf3 $16)
44. b4 $16) 41. Kf3 Rd2 (41... Bc5 {Horvath,T} 42. Ke4) 42. b4 h5 (42... Rxh2
43. Re8 {[%csl Rf8,Rg7]} Rd2 44. Nf5+ Kg6 (44... Kg8 45. Ke3 {Und Schwarz hat
eine sehr passive Stellung, weil Weiß immer droht, den b-Bauer zu gewinnen.})
45. g4 {[%csl Rf8,Rg6]} Bg7 46. Rg8 $18) 43. h3 Rh2 $6 {Der Turm richtet auf
h2 keinen Schaden an, weil der bauer h3 nie hängt.} (43... Bd6 $5 {Nach meiner
Meinung wäre dies die einzige und letzte Möglichkeit in der Partie für Schwarz.
} 44. Nf5+ Kg6) 44. Re8 Rh1 (44... Rxh3 45. Kg2 $18) 45. Rb8 {[%csl Rb6]} Rf1+
46. Ke4 Re1+ 47. Kd5 $18 {Weiß hat drei aktive Figuren und Schwarz kann nichts
machen. Der älteste Teilnehmer der Ungarische Supermeisterschaft macht noch
ein paar Züge.} h4 48. gxh4 Re5+ 49. Kc4 f5 50. Rxb6 f4 {Mit zwei verbundene
Freibauern steht Weiß auf Gewinn, denn der schwarze f-Bauer bedeutet keine
Gefahr.} 51. Rc6 Re4 52. Kd5 {Und Schwarz gab auf, denn sein f-Bauer kann
nicht weitergehen, und nach 52...Re3 gewinnt 53.Nf5+.} (52. b5 $6 f3 {Und
Schwarz hätte einige Gegenchancen. Ribli.}) 1-0